000 00999nam a22002297a 4500
003 OSt
005 20250408092415.0
008 240911b ||||| |||| 00| 0 eng d
040 _c0
082 _aDPer 621.317 Ie21 December 2022 v.37 n. 12 part 1&2.
100 _aMunphal, Suppasorn.
_eauthor.
_960750
245 _aA position-sensorless control of doubly fed induction machine by stator-equation-based adaptive reduced-order observer /
_cSuppasorn Munphal and Surapong Suwankawin.
260 _aNew York ;
_bThe Institute of Electrical and Electronics Engineers, Inc.,
_cDecember 2022.
300 _avolume 37, pages 15186-15208,
_billustration.
500 _aIEEE Transactions on Power Electronics, v. 37 n. 12, pages 15186-15208, December 2022.
650 0 _arobustness.
_966221
650 0 _asensorless control.
_966222
650 0 _atracking performance.
_966223
700 _aMunphal, Suppasorn.
_eauthor.
_960750
700 _aSuwankawin, Surapong.
_eauthor.
_960751
942 _2ddc
_cPER
999 _c21517
_d21517